=LDR 00000nam 2200000 4500 =001 INLIS000000000034292 =005 20130612140214 =008 ***********************************ind** =035 ##$$0010-061300000034292 =041 ##$$a ind =082 ##$$a 813 =090 ##$$a 813, Web J =100 ##$$a WEBSTER, Jean =245 ##$$a Just Datty, Jean Webster; penerjemah Rien Chaerani =260 ##$$a 2010 $b Jakarta =300 ##$$a 270 hlm, Ilus, 21 cm =650 ##$$a Fiksi Indonesia =650 ##$$a Dewasa =650 ##$$a Chaerani, Rien =850 ##$$a NBPNMAT